LEADER 01217nam a2200277 i 4500 001 000000067328 003 CaOOAMICUS 005 20111126000000.0 008 111126s1979 it u000 u ita u 013 $a38500 040 $aSeMil$bita 100 1 $aLe Goff, Jacques,$d<1924-2014>.$0(OLS)http://semarc/name/5611 240 14$aLes intellectuels au Moyen Âge.$0(OLS)http://semarc/title/407077 245 14$aGli intellettuali del medioevo /$cJacques Le Goff ; traduzione di Cesare Giardini. 260 $aMilano :$bMondadori,$c1979 (copyr. 1959) 300 $a173 p. :$bill. ;$c19 cm. 490 0 $aOscar saggi ;$v29 650 4$aIntellettuali - Medioevo.$0(OLS)http://semarc/subject/13158 650 4$aUniversità - Storia - Medioevo.$0(OLS)http://semarc/subject/13159 700 1 $aGiardini, Cesare.$0(OLS)http://semarc/name/8298 830 0$aOscar saggi ;$v29.$0(OLS)http://semarc/title/10282 850 $aSeMil 852 $aSeMil$W1$xVenegono$y1$m3T I 250/A =$j33481$B33481$CSeMilBibl$Z2$F33484 $81 961 $aOmaggio: Fumagalli don Aristide 996 $6245$aGli intellettuali del medioevo$9(OLS)http://semarc/title/107303 996 $6260$aMilano :$bMondadori$9(OLS)http://semarc/publisher/30335 LEADER 01169nam a2200277 i 4500 001 000000220582 003 CaOOAMICUS 005 20260506121356.0 008 130523s2005 it u000 u ita u 013 $a199479 020 $a88-10-50355-4 040 $aSeMil$bita 245 13$aLo Spirito santo :$bmistero e presenza : per una sintesi di pneumatologia /$cFrancesco Lambiasi. 250 $a2. ed. interamente riveduta. 260 $aBologna :$bEDB,$c2005. 300 $a477 p. ;$c24 cm. 650 4$aSpirito Santo - Teologia.$0(OLS)http://semarc/subject/1154 650 4$aPneumatologia.$0(OLS)http://semarc/subject/1581 773 0 $tCorso di teologia sistematica.$dBologna : EDB, 1985-1993.$g5$w()659 850 $aSeMil 852 $aSeMil$W1$xVenegono$y1$m2LA T 5$j271396$B170937$CSeMilBibl$Z2$F181466 $81 961 $aSottoscrizione: LI.CO.SA 996 $6020$a88-10-50355-4$9(OLS)http://semarc/number/219185 996 $6245$aLo Spirito santo :$bmistero e presenza : per una sintesi di pneumatologia$9(OLS)http://semarc/title/84283 996 $6260$aBologna :$bEDB$9(OLS)http://semarc/publisher/29669